Tìm hiểu ảnh hưởng của hoạt động khai thác rừng đến môi trường huyện Nam Giang - tinh Quảng Nam
Khái quát về tự nhiên, KT-XH của huyện Nam Giang và tình hình khai thác rừng của huyện. Ảnh hưởng của hoạt động khai thác rừng đến môi trường - Những giải pháp bảo vệ rừng...
Spremljeno u:
| Glavni autor: | |
|---|---|
| Daljnji autori: | |
| Format: | Knjiga |
| Jezik: | Vietnamese |
| Izdano: |
Đà Nẵng
ĐH Sư Phạm
2009
|
| Teme: | |
| Oznake: |
Dodaj oznaku
Bez oznaka, Budi prvi tko označuje ovaj zapis!
|
| Thư viện lưu trữ: | Mạng thư viện Đại học Đà Nẵng |
|---|
| LEADER | 01500nam a2200373 4500 | ||
|---|---|---|---|
| 001 | 000010869 | ||
| 003 | 7092 | ||
| 005 | 20111222161237.0 | ||
| 008 | 111222s2009 viesd | ||
| 041 | |a vie | ||
| 082 | |a 363.7 |b VO-S | ||
| 100 | |a Võ Thị Ny Sa |e Tác giả | ||
| 245 | |a Tìm hiểu ảnh hưởng của hoạt động khai thác rừng đến môi trường huyện Nam Giang - tinh Quảng Nam |c Võ Thị Ny Sa | ||
| 260 | |a Đà Nẵng |b ĐH Sư Phạm |c 2009 | ||
| 300 | |a 64 tr |c 29 cm | ||
| 500 | |a Khóa luận tốt nghiệp | ||
| 520 | |a Khái quát về tự nhiên, KT-XH của huyện Nam Giang và tình hình khai thác rừng của huyện. Ảnh hưởng của hoạt động khai thác rừng đến môi trường - Những giải pháp bảo vệ rừng... | ||
| 653 | |a Khóa luận | ||
| 653 | |a Tốt nghiệp | ||
| 653 | |a Địa lý | ||
| 653 | |a Khai thác rừng | ||
| 653 | |a Nam Giang | ||
| 653 | |a Quảng Nam | ||
| 700 | |a Đậu Thị Hòa |c TS. |e Người hướng dẫn | ||
| OWN | |a LSP | ||
| AVA | |a UDN50 |b LSP |d 363.7 VO-S |e available |t Error 5001 Not defined in file expand_doc_bib_avail. |f 1 |g 0 |h N |i 0 |k 1 | ||
| 999 | |a From the UDN01 | ||
| AVA | |a UDN50 |b LSP |d 363.7 VO-S |e available |t Error 5001 Not defined in file expand_doc_bib_avail. |f 1 |g 0 |h N |i 0 |k 1 | ||
| TYP | |a Monograph | ||
| TYP | |a Printed language | ||
| 980 | |a Mạng thư viện Đại học Đà Nẵng | ||